Dake's annotated reference Bible; The Holy Bible containing the Old and New Testament of the authorized or King James Version text : (Record no. 6965)

MARC details
000 -LEADER
fixed length control field 00744nam a22001697a 4500
003 - CONTROL NUMBER IDENTIFIER
control field GBCCL
005 - DATE AND TIME OF LATEST TRANSACTION
control field 20251127120507.0
008 - FIXED-LENGTH DATA ELEMENTS--GENERAL INFORMATION
fixed length control field 180704b ||||| |||| 00| 0 eng d
040 ## - CATALOGING SOURCE
Transcribing agency gbc
082 ## - DEWEY DECIMAL CLASSIFICATION NUMBER
Classification number 220.52034
Item number DAK
245 ## - TITLE STATEMENT
Title Dake's annotated reference Bible; The Holy Bible containing the Old and New Testament of the authorized or King James Version text :
Statement of responsibility, etc. Finis Jennings Dake
Remainder of title with four equal-sized columns on each page -two of text and two of notes and comments, self pronouncing text, and a complete concordance and cyclopedic index /
250 ## - EDITION STATEMENT
Edition statement large note edition
260 ## - PUBLICATION, DISTRIBUTION, ETC.
Place of publication, distribution, etc. Georgia:
Name of publisher, distributor, etc. Dake Bible Sales,
Date of publication, distribution, etc. 1979
300 ## - PHYSICAL DESCRIPTION
Extent 944, 324, 131 p.;
Other physical details map.,
Dimensions 28 cm.
650 ## - SUBJECT ADDED ENTRY--TOPICAL TERM
Topical term or geographic name entry element Bible
General subdivision Annotated reference
9 (RLIN) 12400
942 ## - ADDED ENTRY ELEMENTS (KOHA)
Source of classification or shelving scheme Dewey Decimal Classification
Koha item type Reference Books
Holdings
Withdrawn status Lost status Source of classification or shelving scheme Damaged status Not for loan Home library Current Library Shelving location Date acquired Total checkouts Full call number Barcode Date last seen Copy number Price effective from Koha item type
    Dewey Decimal Classification     GRACE BIBLE COLLEGE GRACE BIBLE COLLEGE Bible 2018-07-04   220.52034 DAK 007345 2025-05-01 c.1 2018-07-04 Reference Books
© Grace Bible College Library 2025